00518 a2200181 4500260001100000100001800011440000700029260000800036245017500044300001200219260000900231300000900240130000700249440003600256651001200292440001400304020001800318 aBerlin aBREMER, Frank n94 bFIA aLes possibilités de promotion des petites exploitations agricoles dans la province Atlantique (R.P. Bénin) : Etude préparée pour le projet CARDER Atlantique (GTZ) aX-185p. c1986 bill. lFr aSchriftenreihe des Fachbereichs aBénin x0177-6673 a3-924333-60-2